[Event "COL-chT rapid"]
[Site "Cartagena"]
[Date "2019.11.29"]
[Round "3.1"]
[White "Lozano Ramirez, Nestor Favian"]
[Black "Valderrama Espinosa, Gilberto"]
[Result "1-0"]
[WhiteElo "2312"]
[BlackElo "2192"]
[PlyCount "23"]
[EventDate "2019.11.29"]
[EventType "team-swiss"]
[EventRounds "7"]
[EventCountry "COL"]
[SourceTitle "CBM 193 Extra"]
[Source "ChessBase"]
[SourceDate "2020.01.31"]
[SourceVersion "1"]
[SourceVersionDate "2020.01.31"]
[SourceQuality "1"]
[WhiteTeam "Cundinamarca"]
[BlackTeam "Norte de Santander"]
[WhiteTeamCountry "COL"]
[BlackTeamCountry "COL"]

1. c4 Nf6 2. g3 c5 3. Bg2 d6 4. Nc3 Nc6 5. Nf3 g6 6. d4 cxd4 7. Nxd4 Bd7 8. Nc2 Bg7 9. b3 0-0 10. Bb2 Qa5 11. 0-0 Qh5 12. e4 1-0

[Event "COL-chT"]
[Site "Cartagena"]
[Date "2019.11.24"]
[Round "1.1"]
[White "Cuartas, Jaime Alexander"]
[Black "Valderrama Espinosa, Gilberto"]
[Result "1-0"]
[WhiteElo "2504"]
[BlackElo "2144"]
[PlyCount "63"]
[EventDate "2019.11.24"]
[EventType "team-swiss"]
[EventRounds "7"]
[EventCountry "COL"]
[SourceTitle "CBM 193 Extra"]
[Source "ChessBase"]
[SourceDate "2020.01.31"]
[SourceVersion "1"]
[SourceVersionDate "2020.01.31"]
[SourceQuality "1"]
[WhiteTeam "Antioquia"]
[BlackTeam "Norte de Santander"]
[WhiteTeamCountry "COL"]
[BlackTeamCountry "COL"]

1. d4 Nf6 2. Nf3 e6 3. Bg5 d5 4. e3 Be7 5. Bd3 Nbd7 6. Nbd2 b6 7. c3 Bb7 8. Qb1 h6 9. Bf4 a5 10. 0-0 0-0 11. Re1 Bd6 12. h3 Nh5 13. Bxd6 cxd6 14. a4 f5 15. b4 axb4 16. cxb4 e5 17. dxe5 dxe5 18. Bxf5 e4 19. Nd4 Ne5 20. Qd1 Qh4 21. Rf1 Bc8 22. Qb3 Nc4 23. Nxc4 Bxf5 24. Nd6 Bg6 25. Qxd5+ Kh7 26. Ne6 Rfb8 27. Nc7 Ra7 28. Ndb5 Rxc7 29. Nxc7 Rf8 30. Ne6 Re8 31. a5 Qf6 32. a6 1-0

[Event "COL-ch U2200"]
[Site "Villamaria"]
[Date "2019.11.04"]
[Round "5"]
[White "Valderrama Espinosa, Gilberto"]
[Black "Ojeda, Jesus David"]
[Result "1/2-1/2"]
[WhiteElo "2144"]
[BlackElo "2113"]
[PlyCount "27"]
[EventDate "2019.11.01"]
[EventType "swiss"]
[EventRounds "5"]
[EventCountry "COL"]
[SourceTitle "CBM 193 Extra"]
[Source "ChessBase"]
[SourceDate "2020.01.31"]
[SourceVersion "1"]
[SourceVersionDate "2020.01.31"]
[SourceQuality "1"]

1. e4 d5 2. Nf3 e6 3. Nc3 Nf6 4. e5 Nfd7 5. d4 c5 6. dxc5 Bxc5 7. Bd3 Nc6 8. Bf4 h6 9. h4 a6 10. 0-0 Ne7 11. h5 b5 12. a4 bxa4 13. Rxa4 Ba7 14. b4 1/2-1/2

[Event "COL pre olympic sf2"]
[Site "Palmira"]
[Date "2019.05.30"]
[Round "3"]
[White "Valderrama Espinosa, Gilberto"]
[Black "Sanchez, Sebastian Felipe"]
[Result "1/2-1/2"]
[WhiteElo "2224"]
[BlackElo "2413"]
[PlyCount "47"]
[EventDate "2019.05.29"]
[EventType "swiss"]
[EventRounds "10"]
[EventCountry "COL"]
[SourceTitle "CBM 190 Extra"]
[Source "ChessBase"]
[SourceDate "2019.07.15"]
[SourceVersion "1"]
[SourceVersionDate "2019.07.15"]
[SourceQuality "1"]

1. e4 c5 2. Nc3 a6 3. g3 b5 4. Bg2 Bb7 5. Nge2 e6 6. d4 b4 7. Nb1 cxd4 8. Nxd4 Nf6 9. Nd2 d5 10. e5 Nfd7 11. N2f3 Be7 12. h4 Qc7 13. Bf4 h6 14. h5 Nc6 15. Nxc6 Bxc6 16. 0-0 0-0 17. Re1 Rfc8 18. Qd2 Nc5 19. Nd4 Ne4 20. Bxe4 dxe4 21. Nxc6 Qxc6 22. Rac1 Rc7 23. c4 Rd8 24. Qe2 1/2-1/2

[Event "COL-ch sf1"]
[Site "Medellin"]
[Date "2019.04.18"]
[Round "4"]
[White "Valderrama Espinosa, Gilberto"]
[Black "Ruiz Agudelo, Jeronimo"]
[Result "1-0"]
[WhiteElo "2254"]
[BlackElo "1176"]
[PlyCount "60"]
[EventDate "2019.04.16"]
[EventType "swiss"]
[EventRounds "10"]
[EventCountry "COL"]
[SourceTitle "CBM 190 Extra"]
[Source "ChessBase"]
[SourceDate "2019.07.15"]
[SourceVersion "1"]
[SourceVersionDate "2019.07.15"]
[SourceQuality "1"]

1. d4 Nf6 2. Nc3 e6 3. e4 Bb4 4. Bd3 b6 5. Nge2 Bb7 6. 0-0 0-0 7. Bg5 Be7 8. Ng3 d6 9. e5 dxe5 10. dxe5 Nd5 11. Qh5 g6 12. Bxe7 Qxe7 13. Nxd5 exd5 14. Qe2 Nd7 15. Rae1 Rfe8 16. f4 Nc5 17. f5 Nd7 18. e6 fxe6 19. fxg6 hxg6 20. Bxg6 Rf8 21. Qxe6+ Qxe6 22. Rxe6 Rxf1+ 23. Kxf1 Ba6+ 24. Kg1 Nf8 25. Rf6 Nd7 26. Bf7+ Kg7 27. Nh5+ Kh7 28. Bxd5 Nxf6 29. Nxf6+ Kg6 30. Bxa8 Kxf6 1-0

[Event "COL pre olympic sf3"]
[Site "Dosquebradas"]
[Date "2018.05.31"]
[Round "2"]
[White "Toro Castaneda, Elizabeth"]
[Black "Valderrama Espinosa, Gilberto"]
[Result "0-1"]
[WhiteElo "1965"]
[BlackElo "2260"]
[PlyCount "114"]
[EventDate "2018.05.30"]
[EventType "swiss"]
[EventRounds "10"]
[EventCountry "COL"]
[SourceTitle "CBM 184 Extra"]
[Source "ChessBase"]
[SourceDate "2018.06.28"]
[SourceVersion "1"]
[SourceVersionDate "2018.06.28"]
[SourceQuality "1"]

1. e4 Nc6 2. Nf3 e5 3. Bb5 Nge7 4. 0-0 g6 5. c3 Bg7 6. d4 a6 7. Ba4 b5 8. Bb3 d6 9. h3 0-0 10. Re1 Bb7 11. a4 Na5 12. axb5 Nxb3 13. Qxb3 axb5 14. Rxa8 Qxa8 15. Bg5 Nc8 16. Nbd2 Bc6 17. dxe5 dxe5 18. Bh4 Nb6 19. Qb4 Re8 20. c4 Bf8 21. c5 Nd7 22. Nb3 Qa4 23. Qxa4 bxa4 24. Na5 Bb5 25. b4 axb3 26. Nxb3 Nxc5 27. Nxc5 Bxc5 28. Rc1 Bd6 29. Nh2 Bd7 30. Nf1 Kg7 31. Ne3 Be6 32. Nc4 Bxc4 33. Rxc4 Ra8 34. f3 Ra2 35. Bf2 Kf6 36. Bc5 h5 37. Bxd6 cxd6 38. h4 Rd2 39. Kh2 Ke6 40. Ra4 f5 41. exf5+ Kxf5 42. Kg3 d5 43. Ra8 d4 44. Rf8+ Ke6 45. Re8+ Kf6 46. f4 Rd3+ 47. Kf2 exf4 48. Rf8+ Ke5 49. Rg8 Kf5 50. Rf8+ Kg4 51. Rf6 Rd2+ 52. Ke1 Rxg2 53. Rxg6+ Kf3 54. Rh6 Re2+ 55. Kd1 Re5 56. Rg6 Ke3 57. Rg1 Ra5 0-1

[Event "COL pre olympic sf3"]
[Site "Dosquebradas"]
[Date "2018.05.31"]
[Round "3"]
[White "Valderrama Espinosa, Gilberto"]
[Black "Martinez Romero, Martin"]
[Result "0-1"]
[WhiteElo "2260"]
[BlackElo "2434"]
[PlyCount "140"]
[EventDate "2018.05.30"]
[EventType "swiss"]
[EventRounds "10"]
[EventCountry "COL"]
[SourceTitle "CBM 184 Extra"]
[Source "ChessBase"]
[SourceDate "2018.06.28"]
[SourceVersion "1"]
[SourceVersionDate "2018.06.28"]
[SourceQuality "1"]

1. e4 c5 2. c3 Nf6 3. e5 Nd5 4. d4 cxd4 5. Nf3 Nc6 6. Bc4 Nb6 7. Bb3 d5 8. exd6 e6 9. cxd4 Bxd6 10. 0-0 0-0 11. Nc3 Nd5 12. Nxd5 exd5 13. h3 Be6 14. Ng5 Qf6 15. Nxe6 fxe6 16. Be3 Ne7 17. Qg4 Nf5 18. Rae1 Rac8 19. Bg5 Qg6 20. Be3 Qf7 21. Qf3 Qd7 22. Qe2 Rf6 23. Bc2 Bb8 24. Bxf5 exf5 25. Bg5 Rg6 26. f4 h6 27. Bh4 Bd6 28. Qf3 Qf7 29. Re2 Rc4 30. Bf2 Re6 31. Rxe6 Qxe6 32. Re1 Qf7 33. Re2 Rc7 34. g3 Kh7 35. h4 Re7 36. Rxe7 Bxe7 37. Qe2 Bf6 38. Qb5 a6 39. Qb3 b5 40. a4 bxa4 41. Qxa4 Qe6 42. Kf1 Qc8 43. Kg2 Kg8 44. b4 Qe6 45. Kf1 Qc8 46. Kg2 Kf7 47. b5 axb5 48. Qxb5 Qe6 49. Qa4 Qe4+ 50. Kg1 Kg6 51. Qd1 Be7 52. h5+ Kf7 53. Kh2 Qe6 54. Kg1 Bf6 55. Kh2 Qe4 56. Kg1 g5 57. hxg6+ Kxg6 58. Kh2 h5 59. Qa4 h4 60. gxh4 Qxf4+ 61. Bg3 Qd2+ 62. Kh3 Qe2 63. Qd7 Bxh4 64. Be5 Qf3+ 65. Kh2 Kh5 66. Qe8+ Kg4 67. Qg8+ Bg5 68. Bf6 Qf2+ 69. Kh1 Kh3 70. Qh7+ Bh4 0-1

[Event "Porlamar Margarita"]
[Site "Porlamar"]
[Date "2018.03.11"]
[Round "9"]
[White "Valderrama Espinosa, Gilberto"]
[Black "Marichal Gonzalez, Ariel"]
[Result "1-0"]
[WhiteElo "2233"]
[BlackElo "2317"]
[PlyCount "69"]
[EventDate "2018.03.07"]
[EventType "tourn"]
[EventRounds "9"]
[EventCountry "VEN"]
[SourceTitle "EXT 2019"]
[Source "ChessBase"]
[SourceDate "2018.10.10"]
[SourceVersion "1"]
[SourceVersionDate "2018.10.10"]
[SourceQuality "1"]

1. e4 c5 2. c3 d5 3. exd5 Qxd5 4. d4 g6 5. dxc5 Qxd1+ 6. Kxd1 Bg7 7. Be3 Nf6 8. Nd2 Ng4 9. Ngf3 0-0 10. h3 Nxe3+ 11. fxe3 Nd7 12. Nb3 Nf6 13. Bc4 Bd7 14. Ke2 Rac8 15. Rhe1 Ne4 16. Nfd2 Nxc5 17. Nxc5 Rxc5 18. Bb3 Rd8 19. Nf3 Bb5+ 20. Kf2 Rc7 21. Rad1 Rcd7 22. Rxd7 Rxd7 23. a4 Bc6 24. Nd4 Be5 25. Rd1 a6 26. Nf3 Rxd1 27. Bxd1 a5 28. Nd2 Bd7 29. Be2 Bd6 30. Nc4 Bxa4 31. Nxa5 b6 32. Nc4 b5 33. Nb6 Kf8 34. Nd7+ Ke8 35. Nb6 1-0

[Event "San Pedro del Rio FVA Cup"]
[Site "San Pedro del Rio"]
[Date "2018.02.11"]
[Round "9"]
[White "Vivas Zamora, Fabian Ernesto"]
[Black "Valderrama Espinosa, Gilberto"]
[Result "1/2-1/2"]
[WhiteElo "2283"]
[BlackElo "2242"]
[PlyCount "29"]
[EventDate "2018.02.07"]
[EventType "tourn"]
[EventRounds "9"]
[EventCountry "VEN"]
[EventCategory "2"]
[SourceTitle "CBM 182 Extra"]
[Source "ChessBase"]
[SourceDate "2018.02.23"]
[SourceVersion "1"]
[SourceVersionDate "2018.02.23"]
[SourceQuality "1"]

1. e4 e5 2. Nf3 Nf6 3. Nxe5 d6 4. Nf3 Nxe4 5. d4 d5 6. Bd3 Bd6 7. Nbd2 f5 8. c4 c6 9. cxd5 cxd5 10. Qb3 Nf6 11. 0-0 0-0 12. Ne5 Nc6 13. Ndf3 Nxd4 14. Nxd4 Bxe5 15. Nxf5 1/2-1/2

[Event "San Pedro del Rio FVA Cup"]
[Site "San Pedro del Rio"]
[Date "2018.02.10"]
[Round "6"]
[White "Valderrama Espinosa, Gilberto"]
[Black "Sanchez, Sebastian Felipe"]
[Result "1/2-1/2"]
[WhiteElo "2242"]
[BlackElo "2395"]
[PlyCount "63"]
[EventDate "2018.02.07"]
[EventType "tourn"]
[EventRounds "9"]
[EventCountry "VEN"]
[EventCategory "2"]
[SourceTitle "CBM 182 Extra"]
[Source "ChessBase"]
[SourceDate "2018.02.23"]
[SourceVersion "1"]
[SourceVersionDate "2018.02.23"]
[SourceQuality "1"]

1. e4 e6 2. d4 d5 3. exd5 exd5 4. Nf3 Bd6 5. c4 dxc4 6. Bxc4 Nf6 7. 0-0 0-0 8. Nc3 Bg4 9. h3 Bh5 10. Be3 Nc6 11. a3 Qd7 12. Be2 Rfe8 13. Qb3 a6 14. Rad1 b5 15. d5 Na5 16. Qc2 Nc4 17. Bd4 Rxe2 18. Qxe2 Re8 19. Be3 Qf5 20. Rd4 Bc5 21. Rxc4 bxc4 22. Qxc4 Bxf3 23. Bxc5 Qg5 24. g3 Qh5 25. Qh4 Qxh4 26. gxh4 Nxd5 27. Nxd5 Bxd5 28. Rd1 c6 29. Be3 Rb8 30. b4 Re8 31. Rd4 f6 32. Kh2 1/2-1/2

[Event "San Sebastian IRT"]
[Site "San Cristobal"]
[Date "2018.02.03"]
[Round "5"]
[White "Franco Valencia, Beatriz Irene"]
[Black "Valderrama Espinosa, Gilberto"]
[Result "1/2-1/2"]
[WhiteElo "2204"]
[BlackElo "2242"]
[PlyCount "119"]
[EventDate "2018.01.31"]
[EventType "tourn"]
[EventRounds "7"]
[EventCountry "VEN"]
[SourceTitle "EXT 2019"]
[Source "ChessBase"]
[SourceDate "2018.10.10"]
[SourceVersion "1"]
[SourceVersionDate "2018.10.10"]
[SourceQuality "1"]

1. d4 d5 2. c4 Nc6 3. e3 e5 4. cxd5 Qxd5 5. Nc3 Bb4 6. a3 Bxc3+ 7. bxc3 exd4 8. exd4 Nf6 9. Nf3 0-0 10. Be2 Ne4 11. c4 Qa5+ 12. Bd2 Nxd2 13. Qxd2 Bg4 14. Qxa5 Nxa5 15. 0-0 Rad8 16. Rfd1 b6 17. d5 Rfe8 18. Bf1 Bxf3 19. gxf3 Nb3 20. Rab1 Nc5 21. Re1 Rxe1 22. Rxe1 Kf8 23. Re3 c6 24. dxc6 Rc8 25. f4 Rxc6 26. Bg2 Rf6 27. f5 Rxf5 28. Bc6 g6 29. Re8+ Kg7 30. Ra8 Rf6 31. Bd5 a5 32. Rd8 g5 33. f3 h5 34. Ba8 Re6 35. Kf2 f5 36. f4 g4 37. Bd5 Nd3+ 38. Kg3 Re3+ 39. Kh4 Nxf4 40. Kg5 Ne6+ 41. Bxe6 Rxe6 42. Rd7+ Kf8 43. Kxf5 Rc6 44. Rb7 Ke8 45. Ke5 Kd8 46. Kd5 Rc5+ 47. Kd4 Rc6 48. Kd5 Rh6 49. Rg7 Ke8 50. c5 bxc5 51. Kxc5 Kf8 52. Rg5 Kf7 53. Kd4 a4 54. Ke3 Rf6 55. Rxh5 Rf3+ 56. Ke4 Rxa3 57. Kf4 Ra1 58. Kxg4 a3 59. Ra5 a2 60. Kh5 1/2-1/2

[Event "San Sebastian IRT"]
[Site "San Cristobal"]
[Date "2018.02.02"]
[Round "2"]
[White "Valderrama Espinosa, Gilberto"]
[Black "Romero Barreto, Jaime Jose"]
[Result "0-1"]
[WhiteElo "2242"]
[BlackElo "2228"]
[PlyCount "112"]
[EventDate "2018.01.31"]
[EventType "tourn"]
[EventRounds "7"]
[EventCountry "VEN"]
[SourceTitle "EXT 2019"]
[Source "ChessBase"]
[SourceDate "2018.10.10"]
[SourceVersion "1"]
[SourceVersionDate "2018.10.10"]
[SourceQuality "1"]

1. e4 e5 2. Nc3 Nf6 3. f4 exf4 4. e5 Nd5 5. Nxd5 Qh4+ 6. Ke2 f3+ 7. Nxf3 Qc4+ 8. Kf2 Qxd5 9. d4 d6 10. c4 Qe6 11. exd6 Bxd6 12. c5 Be7 13. Bb5+ c6 14. Re1 Qd7 15. Bc4 0-0 16. Kg1 Bf6 17. Bf4 b5 18. Bb3 Na6 19. Be5 Be7 20. Qe2 Qg4 21. Bxg7 Kxg7 22. Qxe7 Bf5 23. h3 Qf4 24. Qe5+ Qxe5 25. Nxe5 Rac8 26. Rf1 Bg6 27. Rae1 Rc7 28. g4 Rd8 29. Rf4 Nb4 30. Ref1 Rf8 31. Rf6 Be4 32. Nxf7 Bg6 33. a3 Nd5 34. Bxd5 cxd5 35. Rxg6+ hxg6 36. Nd6 Rxf1+ 37. Kxf1 Kh6 38. Nxb5 Rf7+ 39. Kg1 a6 40. Nc3 Rd7 41. h4 Kg7 42. b4 Kf6 43. a4 Ke6 44. b5 axb5 45. axb5 Rh7 46. b6 Rxh4 47. b7 Rh8 48. Na4 Kd7 49. Nb6+ Kc6 50. Nc8 Kxb7 51. Ne7 Re8 52. Nxd5 Re4 53. Kf2 Rxd4 54. Ne3 Kc6 55. Kg3 g5 56. Nf5 Rd3+ 0-1

[Event "Uni De Paula Santander op 3rd"]
[Site "Ocana"]
[Date "2017.09.30"]
[Round "3"]
[White "Velez Rueda, Juan Diego"]
[Black "Valderrama Espinosa, Gilberto"]
[Result "1/2-1/2"]
[WhiteElo "1865"]
[BlackElo "2266"]
[PlyCount "61"]
[EventDate "2017.09.29"]
[EventType "swiss"]
[EventRounds "7"]
[EventCountry "COL"]
[SourceTitle "CBM 181 Extra"]
[Source "ChessBase"]
[SourceDate "2017.12.12"]
[SourceVersion "1"]
[SourceVersionDate "2017.12.12"]
[SourceQuality "1"]

1. d4 Nf6 2. c4 e5 3. dxe5 Ne4 4. Nf3 Nc6 5. e3 Bb4+ 6. Nbd2 Qe7 7. a3 Bxd2+ 8. Bxd2 Nxd2 9. Qxd2 Nxe5 10. Nxe5 Qxe5 11. Qd4 d6 12. Qxe5+ dxe5 13. Bd3 Be6 14. 0-0 0-0-0 15. Rfd1 Rd7 16. c5 c6 17. Be2 Rhd8 18. Rxd7 Rxd7 19. Rd1 Bb3 20. Rxd7 Kxd7 21. Bg4+ Kc7 22. f4 exf4 23. exf4 b6 24. cxb6+ axb6 25. Kf2 Kd6 26. Ke3 Kc5 27. Kd3 Bd5 28. g3 Kd6 29. b4 c5 30. bxc5+ Kxc5 31. Kc3 1/2-1/2

[Event "Uni De Paula Santander op 3rd"]
[Site "Ocana"]
[Date "2017.09.29"]
[Round "2"]
[White "Valderrama Espinosa, Gilberto"]
[Black "Franco Perez, William"]
[Result "1-0"]
[WhiteElo "2266"]
[BlackElo "1690"]
[PlyCount "56"]
[EventDate "2017.09.29"]
[EventType "swiss"]
[EventRounds "7"]
[EventCountry "COL"]
[SourceTitle "CBM 181 Extra"]
[Source "ChessBase"]
[SourceDate "2017.12.12"]
[SourceVersion "1"]
[SourceVersionDate "2017.12.12"]
[SourceQuality "1"]

1. e4 c5 2. c3 d5 3. exd5 Qxd5 4. d4 cxd4 5. cxd4 Nc6 6. Nf3 Nf6 7. Nc3 Qd8 8. d5 Nb8 9. Bg5 Nbd7 10. Rc1 a6 11. Bc4 g6 12. 0-0 Bg7 13. d6 e6 14. Re1 0-0 15. Qd2 b5 16. Bd3 Qb6 17. Ne4 Ra7 18. Be3 Qb8 19. Bxa7 Qxa7 20. Rc7 Qb6 21. Rec1 Bb7 22. Nxf6+ Nxf6 23. Qe3 Qxe3 24. fxe3 Bxf3 25. gxf3 Nd5 26. Rc8 Bf6 27. Rxf8+ Kxf8 28. Rc8+ Kg7 1-0

[Event "COL-chT"]
[Site "Ibague"]
[Date "2017.07.20"]
[Round "4.1"]
[White "Valderrama Espinosa, Gilberto"]
[Black "Diaz, Jaime Walter"]
[Result "1-0"]
[WhiteElo "2252"]
[BlackElo "2146"]
[PlyCount "51"]
[EventDate "2017.07.19"]
[EventType "team-swiss"]
[EventRounds "6"]
[EventCountry "COL"]
[SourceTitle "CBM 179 Extra"]
[Source "ChessBase"]
[SourceDate "2017.08.23"]
[SourceVersion "1"]
[SourceVersionDate "2017.08.23"]
[SourceQuality "1"]
[WhiteTeam "Norte de Santander"]
[BlackTeam "Tolima V"]
[WhiteTeamCountry "COL"]
[BlackTeamCountry "COL"]

1. b3 e5 2. Bb2 d6 3. c4 Nf6 4. Nc3 Be6 5. d4 exd4 6. Qxd4 Nc6 7. Qd2 d5 8. cxd5 Nxd5 9. Nxd5 Qxd5 10. Qxd5 Bxd5 11. 0-0-0 0-0-0 12. Nf3 Nb4 13. a3 Nc6 14. b4 f6 15. e3 Be7 16. Bd3 g6 17. Rd2 Rd7 18. Rhd1 Rhd8 19. e4 Bb3 20. Bc2 Rxd2 21. Rxd2 Rxd2 22. Kxd2 Bxc2 23. Kxc2 b5 24. Nd4 Nxd4+ 25. Bxd4 a6 26. f4 1-0

[Event "COL-ch Amateur U2300"]
[Site "Bogota"]
[Date "2017.03.04"]
[Round "5"]
[White "Prado, Leonardo"]
[Black "Valderrama Espinosa, Gilberto"]
[Result "0-1"]
[WhiteElo "2144"]
[BlackElo "2261"]
[PlyCount "78"]
[EventDate "2017.03.02"]
[EventType "swiss"]
[EventRounds "7"]
[EventCountry "COL"]
[SourceTitle "CBM 177 Extra"]
[Source "ChessBase"]
[SourceDate "2017.04.27"]
[SourceVersion "1"]
[SourceVersionDate "2017.04.27"]
[SourceQuality "1"]

1. e4 e5 2. Nf3 Nc6 3. Bc4 Nf6 4. d3 Be7 5. Bb3 d6 6. c3 0-0 7. Bg5 h6 8. Be3 Be6 9. Bc2 d5 10. h3 dxe4 11. dxe4 Qxd1+ 12. Kxd1 Rfd8+ 13. Nbd2 Bc4 14. Ne1 Rd7 15. Kc1 Be6 16. Nef3 a6 17. Bb3 Bxb3 18. axb3 Rad8 19. Kc2 a5 20. g4 b6 21. Rhg1 Nh7 22. h4 f6 23. g5 fxg5 24. hxg5 hxg5 25. Rg2 Bf6 26. Rh1 Ne7 27. Rgh2 g4 28. Nxe5 Bxe5 29. Rxh7 Ng6 30. R7h5 Bf4 31. Nc4 Bxe3 32. fxe3 Rf7 33. Rg5 Rf2+ 34. Kc1 b5 35. Rxb5 g3 36. Rf5 g2 37. Rg1 Rf8 38. Nd2 Nh4 39. Rxf2 Rxf2 0-1